00603nam a22001937a 450000500170000001000190001702000270003603500180006303700090008108200170009010000250010724500720013225000070020426000310021127000800024230000260032249000080034850000530035620260408153002.0 aENG-148202-203 c7250.00a9788119403882 aEN-131734-735 bDBAD a347.4206228 aRatanlal & Dhirajlal00aThe Bharatiya Sakshya Adhiniyam, 2023/cby Ratanlal [and] Dhirajlal a28 aGurgaonbLexis Nexisc2026 a14th Floor, Bldg. No.10, Tower-B, DLF Cyber City, Phase-IIbGurgaone122002 adcxci2260p.c24cm(Hb) v1,2 aVol 1 Sections 1 to 50 Vol 2 Sections 51 to 170